000 00688nam a2200205 a 4500
005 20230809063533.0
008 040628s1994 mx r 000 0 spa d
020 _a9686063706
035 _aUPN01000133970
049 _aCG
050 4 _aE184 M5
_bS2.6
100 1 _aSantamaría Gómez, Arturo
245 1 3 _aLa política entre México y Aztlán :
_brelaciones chicano-mexicanas del 68 a Chiapas 94 /
_cArturo Santamaría Gómez.
260 _aMéxico :
_bUniversidad Autónoma de Sinaloa,
_c1994.
300 _a371 p.
650 4 _aMEXICOAMERICANOS
_9484
650 4 _aMexicanos en los Estados Unidos
_94447
651 4 _aMEXICO -
_xPOLITICA Y GOBIERNO -
_y1968-1994
905 _aLibro
999 _c106121
_d106121